| 000 | 00696 a2200229 4500 | ||
|---|---|---|---|
| 001 | 200002234 | ||
| 003 | TR-AnTOB | ||
| 005 | 20240729134238.0 | ||
| 008 | 160701b tu 000 0 | ||
| 020 | _a5-86547-361-1 | ||
| 040 |
_aTR-AnTOB _cTR-AnTOB |
||
| 041 | _arus | ||
| 050 | _aPG2106 | ||
| 099 | _aPCR SKI GRA TES 2008 | ||
| 245 | 0 |
_aTipovoj test po russkomu iazyku kak inostrannomu _bI. sertifikatsionnyj uroven, obstchee vladenie, _bvtoroj variant / _cN P AndrjuĊĦina ; A V Golubeva. |
|
| 264 | 1 |
_aSankt-Peterburg : _bZlatoust, _c2008. |
|
| 300 | _a79 s. | ||
| 650 |
_aRussian language _xGrammar _942114 |
||
| 650 | 0 |
_aRussian language _xStudy and teaching _971218 |
|
| 942 |
_cBK _2lcc |
||
| 999 |
_c200002234 _d34610 |
||